[Event "HUN-chT2 Barcza 1314"]
[Site "Hungary"]
[Date "2014.04.13"]
[Round "10"]
[White "Nagy, Sandor I"]
[Black "Soros, Gabor Mario"]
[Result "1-0"]
[WhiteElo "2112"]
[BlackElo "1965"]
[PlyCount "83"]
[EventDate "2013.09.08"]
[EventType "team-tourn"]
[EventRounds "11"]
[EventCountry "HUN"]
[SourceTitle "EXT 2016"]
[Source "ChessBase"]
[SourceDate "2015.10.08"]
[SourceVersion "1"]
[SourceVersionDate "2015.10.08"]
[SourceQuality "1"]
[WhiteTeam "Debrecen Sakkiskola"]
[BlackTeam "Sajobabony"]
[WhiteTeamCountry "HUN"]
[BlackTeamCountry "HUN"]

1. e4 d5 2. exd5 Nf6 3. Nc3 Nxd5 4. Nxd5 Qxd5 5. Nf3 Bf5 6. Be2 Nc6 7. 0-0 0-0-0 8. c4 Qd6 9. Qb3 e5 10. a3 e4 11. Ne1 Nd4 12. Qe3 g6 13. Bd1 h5 14. f4 Bg7 15. a4 Nc2 16. Nxc2 Qa6 17. c5 Rd3 18. Be2 Rhd8 19. Kh1 Qc4 20. Na3 Qb3 21. Bxd3 Rxd3 22. Qe1 Qxa4 23. Qd1 Qd4 24. Nb5 Qxc5 25. Nc3 e3 26. Qe2 Bxc3 27. dxc3 Qd5 28. Bxe3 Qe4 29. Rae1 Bg4 30. Qf2 Qd5 31. Bd4 b6 32. Re3 Qc4 33. Kg1 Qb5 34. b4 Qc4 35. Rxd3 Qxd3 36. Qe3 Qc2 37. Re1 Bf5 38. Qf3 Qd2 39. Qa8+ Kd7 40. Qe8+ Kd6 41. Be5+ Kd5 42. Qd8+ 1-0

[Event "HUN-chT2 Barcza 1314"]
[Site "Hungary"]
[Date "2013.09.08"]
[Round "1"]
[White "Galko, Tibor"]
[Black "Soros, Gabor Mario"]
[Result "1/2-1/2"]
[WhiteElo "1868"]
[BlackElo "1965"]
[PlyCount "46"]
[EventDate "2013.09.08"]
[EventType "team-tourn"]
[EventRounds "11"]
[EventCountry "HUN"]
[SourceTitle "EXT 2016"]
[Source "ChessBase"]
[SourceDate "2015.10.08"]
[SourceVersion "1"]
[SourceVersionDate "2015.10.08"]
[SourceQuality "1"]
[WhiteTeam "Edeleny"]
[BlackTeam "Sajobabony"]
[WhiteTeamCountry "HUN"]
[BlackTeamCountry "HUN"]

1. e4 d5 2. exd5 Nf6 3. Nc3 Nxd5 4. Nxd5 Qxd5 5. d4 Nc6 6. Be3 Bf5 7. c3 0-0-0 8. Qb3 e6 9. Nf3 Qxb3 10. axb3 a6 11. b4 Bd6 12. b5 axb5 13. Bxb5 Nb8 14. 0-0 c6 15. Bc4 Kc7 16. Ra7 Nd7 17. Rfa1 h6 18. b4 Nb6 19. Bb3 Ra8 20. Rxa8 Rxa8 21. Rxa8 Nxa8 22. Ne5 Bxe5 23. dxe5 Nb6 1/2-1/2

[Event "HUN-chT2 Barcza 0809"]
[Site "Hungary"]
[Date "2009.01.25"]
[Round "6.5"]
[White "Soros, Gabor Mario"]
[Black "Kelemen, Gyorgy"]
[Result "1/2-1/2"]
[WhiteElo "1976"]
[BlackElo "2081"]
[PlyCount "31"]
[EventDate "2008.10.26"]
[EventType "team-tourn"]
[EventRounds "11"]
[EventCountry "HUN"]
[SourceTitle "EXT 2010"]
[Source "ChessBase"]
[SourceDate "2010.11.25"]
[SourceVersion "1"]
[SourceVersionDate "2010.11.25"]
[SourceQuality "1"]
[WhiteTeam "Miskolc EMSE II"]
[BlackTeam "Mezokovesd"]
[WhiteTeamCountry "HUN"]
[BlackTeamCountry "HUN"]

1. d4 Nf6 2. Bf4 d5 3. e3 e6 4. Nf3 c5 5. c3 Nc6 6. Bd3 Bd6 7. Bg3 Bxg3 8. hxg3 cxd4 9. exd4 Qc7 10. Qe2 h6 11. Nbd2 a6 12. Ne5 Nxe5 13. dxe5 Nd7 14. f4 Nc5 15. Bc2 Bd7 16. Qg4 1/2-1/2

[Event "HUN-chT2 Barcza 0809"]
[Site "Hungary"]
[Date "2008.12.21"]
[Round "4.5"]
[White "Soros, Gabor Mario"]
[Black "Heindrich, Janos"]
[Result "1/2-1/2"]
[WhiteElo "1976"]
[BlackElo "2131"]
[PlyCount "24"]
[EventDate "2008.10.26"]
[EventType "team-tourn"]
[EventRounds "11"]
[EventCountry "HUN"]
[SourceTitle "EXT 2010"]
[Source "ChessBase"]
[SourceDate "2010.11.25"]
[SourceVersion "1"]
[SourceVersionDate "2010.11.25"]
[SourceQuality "1"]
[WhiteTeam "Miskolc EMSE II"]
[BlackTeam "Kazincbarcika II"]
[WhiteTeamCountry "HUN"]
[BlackTeamCountry "HUN"]

1. d4 f5 2. Nf3 Nf6 3. Bf4 g6 4. e3 Bg7 5. h3 d6 6. Be2 0-0 7. 0-0 Nh5 8. Bh2 f4 9. c4 c5 10. Nc3 Qb6 11. Nd5 Qd8 12. dxc5 fxe3 1/2-1/2

[Event "HUN-chT2 Maroczy 0708"]
[Site "Hungary"]
[Date "2008.02.17"]
[Round "6"]
[White "Soros, Gabor Mario"]
[Black "Ujhazi, Mihaly"]
[Result "1/2-1/2"]
[WhiteElo "1972"]
[BlackElo "2002"]
[PlyCount "39"]
[EventDate "2007.10.14"]
[EventType "team"]
[EventRounds "11"]
[EventCountry "HUN"]
[SourceTitle "EXT 2009"]
[Source "ChessBase"]
[SourceDate "2008.11.26"]
[SourceVersion "1"]
[SourceVersionDate "2008.11.26"]
[SourceQuality "1"]
[WhiteTeam "Miskolc EMSE"]
[BlackTeam "Maroczy"]
[WhiteTeamCountry "HUN"]
[BlackTeamCountry "HUN"]

1. d4 d5 2. Bf4 Nf6 3. Nf3 c5 4. e3 Nc6 5. c3 Qb6 6. Qb3 c4 7. Qc2 Bf5 8. Qc1 e6 9. Nbd2 Qd8 10. h3 h6 11. Ne5 Rc8 12. Be2 Bd6 13. Ndf3 b5 14. 0-0 0-0 15. b4 Qc7 16. Qb2 Nd7 17. Nxd7 Qxd7 18. Bxd6 Qxd6 19. a4 Qb8 20. axb5 1/2-1/2